00385nam a2200145Ia 4500003000400000008004100004040001600045082002700061100001500088245005600103260002800159490000500187650001900192650002800211GCL140319s9999 xx 000 0 ara d aGCL / cGCL04aكاسيتb374bب ب1 aبالية10aبالية ايزيس واوزريس / cبالية a[S.N] : bلا يوجد a04aالاغانى04aشرائط كاسيت